000 01232nam a2200205 a 4500
008 180515e2011 mx ||||| |||| 00| 1 spa d
020 _a9786074004342
041 _aspa
092 _c808
_l5
_sAUL
100 1 _aAuel, Jean M.
_93919
245 3 _aEl clan del oso cavernario /
_cJean M. Auel
250 _a1a ed.
_bTraducción revisada y actualizada en 2010, Leonor Tejada Conde Pelayo
260 _aMéxico:
_bOcéano;
_c2011.
300 _a559 p.
500 _aAuel, J. (2011). El clan del oso cavernario. (1a ed.). México : Océano.
505 _aTras sobrevivir a una catástrofe que acaba con los miembros de su familia, Ayla, una niña cromañon de cinco años, se encuentra sola en un mundo salvaje donde el peligro acecha a cada paso. Cuando está a punto de morir, la pequeña es adoptada por el clan, un grupo de neadertales que le ayudan a sobrevivir y comparten con ella sus conocimientos, habilidades y creencias. Muy pronto, Ayla demuestra una inteligencia sobresaliente que la llevará a cuestionar las tradiciones del grupo y a emprender una fascinante aventura en busca de su propia identidad.
590 _aDONACION DR. Andres Gallardo Mayo 2018
655 _aLiteratura
_92917
942 _2ddc
_cLIT
999 _c2734
_d2734